| 000 | 00891nam a22002417a 4500 | ||
|---|---|---|---|
| 001 | 49363 | ||
| 003 | BD-RjUL | ||
| 005 | 20211209054654.0 | ||
| 008 | 160820s1966 bg ||||| |||| 00| 0 ben d | ||
| 020 | _c : TK 5.00 | ||
| 035 | _a(BD-RjUL)49482 | ||
| 040 |
_aBD-RjUL _bben _cBD-RjUL |
||
| 041 | _aben | ||
| 082 |
_223 _a891.51 _bKHR 1966 |
||
| 100 | 1 |
_aখাইয়াম, ওমর _9148211 |
|
| 245 | 1 | 0 |
_aরুবাইয়াৎ / _cওমর খাইয়াম ; অনুবাদক সিকান্দার আবু জাফর |
| 260 |
_aঢাকা : _bবাংলা একাডেমী, _c১৯৬৬ |
||
| 300 |
_a[২], ১১৭ পৃ. ; _c২০ সেমি. |
||
| 650 |
_aইরানী কবিতা _9148212 |
||
| 650 |
_aIranian Poetry _9145742 |
||
| 700 |
_aজাফর, সিকান্দার আবু _9126571 |
||
| 942 |
_2ddc _cBK |
||
| 999 |
_c49363 _d49363 |
||